| 000 | nam a22 7a 4500 | ||
|---|---|---|---|
| 999 |
_c232721 _d232721 |
||
| 003 | Nust | ||
| 005 | 20170223095831.0 | ||
| 008 | 170223b xxu||||| |||| 00| 0 eng d | ||
| 040 | _cDLC | ||
| 082 | _a624.1 INF | ||
| 245 |
_aInformation Sheets: Geo - Tech and Road Design Details Revised 2001 Vol IV _bInformation Sheets _cEngineer in Chief's Branch, |
||
| 260 |
_aRawalpindi _bEngineer in Chief's Branch, _c2001 |
||
| 300 |
_aiii, 20p. : _c25 cm |
||
| 942 |
_2ddc _cBK |
||